Čína na ceste k udržateľnému hospodárskemu rastu

Aktuálne vývojové tendencie Číny a schopnosť splniť svoje záväzky vyplývajúce z medzinárodných dohovorov, ktoré podpísala. Čínske národné ciele a súčasné iniciatívy novej stratégie Made in China 2025.

Salvato in:
Dettagli Bibliografici
Autore principale: Blaško, Michaela
Altri autori: Královičová, Michaela
Natura: Capitolo di libro
Lingua:slovacco
Soggetti:
Tags: Aggiungi Tag
Nessun Tag, puoi essere il primo ad aggiungerne!!

MARC

LEADER 00000nla a2200000 4500
001 0226418
005 20240502073725.4
041 0 |a slo 
044 |a SK 
245 1 0 |a Čína na ceste k udržateľnému hospodárskemu rastu  |c Michaela Blaško, Michaela Královičová 
520 |a Aktuálne vývojové tendencie Číny a schopnosť splniť svoje záväzky vyplývajúce z medzinárodných dohovorov, ktoré podpísala. Čínske národné ciele a súčasné iniciatívy novej stratégie Made in China 2025. 
610 2 0 |a Čína 
610 2 0 |a obchod medzinárodný 
610 2 0 |a politika medzinárodná 
610 2 0 |a politika zahraničná 
610 2 0 |a vzťahy politické medzinárodné 
610 2 0 |a vzťahy zahraničné 
610 2 0 |a konkurencieschopnosť 
100 1 |a Blaško, Michaela 
700 1 |a Královičová, Michaela